| 000 | 00738nam a2200241 a 4500 | ||
|---|---|---|---|
| 008 | |||
| 020 | _a0155743201 (pbk.) | ||
| 049 | _aMAIN | ||
| 090 |
_aHD30.25 _bLAP |
||
| 100 | 1 | _aLapin, Lawrence L. | |
| 245 | 1 | 0 |
_aQuantitative methods for business decisions : _bInstructor's manual / _cL.L. Lapin. |
| 250 | _a2nd ed. | ||
| 260 |
_aNew York : _bHarcourt Brace Jovanovich, _cc1981. |
||
| 300 |
_avii, 285 p : _bill. ; _c23 cm. |
||
| 650 | 0 |
_aDecision making _xMathematical models. |
|
| 650 | 0 | _aOperations research. | |
| 650 | 0 | _aStatistical decision. | |
| 907 |
_a.b1005313x _b08-05-09 _c17-04-03 |
||
| 003 | |||
| 005 | 20230123133227.0 | ||
| 040 | _cNUST | ||
| 942 |
_cBOOKS _kHD30.25 _mLAP |
||
| 999 |
_c144962 _d144962 |
||